00534nam a22001817a 450000500170000001000150001702000260003203500140005803700140007208200080008610000140009424500560010825000130016426000420017727000840021930000270030370000220033020180426161643.0 aENG-122686 a9788123710327c100.00 aEN-106218 bDBAD/PUB. a598 aSalim Ali aCommon Birds / cby Salim Ali [and] Laeeq Futehally a2nd edn. aNew Delhi bNational Book Trustc2015 aNehru Bhawan, 5 Institutional Area, Phase-II, Vasant Kunj, bNew Delhi e110070 a126p.c22cm(pbk)bill. a Futehally, Laeeq